One Piece - Personnages combattant lors de l'arc Thriller Bark - Statistiques

Statistiques générales
  • Ce quiz a été pris 750 fois
  • Le résultat moyen est 17 sur 27
Statistiques - réponses
Réponse % Correct
Brook
98%
Monkey D. Luffy
98%
Nami
98%
Roronoa Zoro
98%
Vinsmoke Sanji
98%
Franky
97%
Gecko Moria
97%
Nico Robin
97%
Tony Tony Chopper
97%
Usopp
97%
Perona
90%
Bartholomew Kuma
87%
Absalom
85%
Odz
71%
Hogback
68%
Ryuma
61%
Lola
57%
Cindry
41%
John
29%
Kumacy
20%
Cerberus
17%
Jigoro
15%
Inuppe
12%
Tararan
11%
Hippo-Gentleman
9%
Frères Risky
8%
Buhichuck
5%
Aucun quiz correspondant
Distribution des résultats
% des personnes avec chaque résultat
Percentile par nombre de réponses
Votre historique - résultats
Vous n’avez pas pris ce quiz